000 00528nam a22002057a 4500
003 OSt
005 20190208101049.0
008 190207b xxu||||| |||| 00| 0 eng d
020 _a0356035255
040 _aLB-BrCRDP
082 _a745.5 M136c
110 _aMacdonald
245 _aWorking with paper.
260 _aLondon New York
_b Franklin Watts
_c1972
300 _a191p
_bills.colour images
_c30cm
490 _aColour Crafts
_vVolume 1
630 _a Paper work
630 _a Juvenile literature
942 _2ddc
_cBK
999 _c22507
_d22507